[Event "EU-ch Blitz"]
[Site "Zagreb"]
[Date "2023.12.16"]
[Round "5"]
[White "Hjartarson, Johann"]
[Black "Safarli, Eltaj"]
[Result "0-1"]
[WhiteElo "2460"]
[BlackElo "2609"]
[PlyCount "62"]
[EventDate "2023.12.16"]
[EventType "swiss (blitz)"]
[EventRounds "13"]
[EventCountry "CRO"]
[SourceTitle "CB51_2023"]
[SourceDate "2023.12.20"]
[SourceVersion "1"]
[SourceVersionDate "2023.12.20"]
[SourceQuality "1"]

1. e4 c5 2. Nf3 Nc6 3. Nc3 Nf6 4. Bb5 d6 5. Bxc6+ bxc6 6. 0-0 e5 7. d3 g6 8. h3 Bg7 9. Be3 0-0 10. Qd2 Nh5 11. Ne2 f5 12. exf5 gxf5 13. Bh6 f4 14. Bxg7 Nxg7 15. Kh2 Be6 16. b3 Qf6 17. Rae1 Bd5 18. Neg1 Kh8 19. c4 Be6 20. Qe2 Nf5 21. Qe4 Bd7 22. g4 Ne7 23. d4 cxd4 24. c5 Ng6 25. cxd6 Rae8 26. Nd2 Bxg4 27. Qxc6 Bf5 28. Rc1 e4 29. Rfe1 e3 30. Ndf3 Rc8 31. Qd5 exf2 0-1

[Event "ISL-chT Kvika 2324"]
[Site "Reykjavik"]
[Date "2023.10.15"]
[Round "5.2"]
[White "Domalchuk Jonasson, Aleksandr"]
[Black "Hjartarson, Johann"]
[Result "1-0"]
[WhiteElo "2392"]
[BlackElo "2439"]
[PlyCount "165"]
[EventDate "2023.10.12"]
[EventType "team-tourn"]
[EventRounds "10"]
[EventCountry "ISL"]
[SourceTitle "Mega2024 Update 01"]
[Source "Chessbase"]
[SourceDate "2023.11.12"]
[SourceVersion "1"]
[SourceVersionDate "2023.11.12"]
[SourceQuality "1"]
[WhiteTeam "Taflfelag Reykjavikur"]
[BlackTeam "Vikingaklubburinn"]
[WhiteTeamCountry "ISL"]
[BlackTeamCountry "ISL"]

1. d4 Nf6 2. c4 g6 3. Nc3 Bg7 4. e4 d6 5. Be2 0-0 6. Nf3 e5 7. Be3 Ng4 8. Bg5 f6 9. Bc1 Nc6 10. d5 Ne7 11. h3 Nh6 12. h4 c5 13. h5 Nf7 14. hxg6 hxg6 15. g3 a6 16. Be3 Rb8 17. a4 Bd7 18. Qd2 Qa5 19. Ra3 Rbe8 20. Na2 Qc7 21. Nc3 f5 22. Ng5 Nxg5 23. Bxg5 Bc8 24. Bh6 f4 25. Bg5 Bf6 26. gxf4 Bxg5 27. fxg5 Rf4 28. Bd1 Kg7 29. f3 Rh8 30. Rxh8 Kxh8 31. Qh2+ Kg8 32. a5 Rf7 33. Kd2 Qd8 34. Qg2 Rh7 35. Kc1 Kf7 36. f4 Qh8 37. fxe5 Qxe5 38. Ne2 Rh5 39. Rg3 Ke8 40. Bc2 Kd8 41. Qg1 Bd7 42. Kb1 Kc7 43. Ka2 Nc8 44. Nc3 b5 45. axb6+ Nxb6 46. Bd1 Rh8 47. Be2 Rf8 48. Qe1 Qd4 49. Qd1 Rf2 50. Qb3 Qd2 51. e5 Rxe2 52. Nxe2 Qxe2 53. exd6+ Kb7 54. Re3 Qxc4 55. Qxc4 Nxc4 56. Re7 Kc8 57. Rg7 Bf5 58. Rc7+ Kd8 59. Rxc5 Nxd6 60. Rc6 Kd7 61. Rxa6 Be4 62. Ra7+ Kc8 63. Ra5 Kc7 64. Kb3 Nb7 65. Rb5 Bd3 66. Rb4 Nd6 67. Kc3 Bf5 68. Kd4 Ne4 69. Ke5 Nxg5 70. d6+ Kd8 71. Rb8+ Kd7 72. Rb7+ Kd8 73. b4 Bc8 74. Rg7 Nf3+ 75. Kd5 g5 76. b5 g4 77. b6 g3 78. Rxg3 Bb7+ 79. Kc5 Ne5 80. Rg8+ Kd7 81. Rg7+ Kc8 82. Rc7+ Kb8 83. Re7 1-0

[Event "Titled Tuesday intern op 29th Aug Late"]
[Site "Chess.com INT"]
[Date "2023.08.29"]
[Round "3"]
[White "Hjartarson, Johann"]
[Black "Silva Lucena, Cristian"]
[Result "1-0"]
[WhiteElo "2432"]
[BlackElo "2292"]
[PlyCount "89"]
[EventDate "2023.08.29"]
[EventType "swiss (blitz)"]
[EventRounds "11"]
[EventCountry "USA"]
[SourceTitle "EXT 2024"]
[Source "ChessBase"]
[SourceDate "2023.10.10"]
[SourceVersion "1"]
[SourceVersionDate "2023.10.10"]
[SourceQuality "1"]

1. e4 e5 2. Nf3 Nc6 3. Bb5 g6 4. c3 d6 5. d4 Bd7 6. 0-0 a6 7. Ba4 Bg7 8. Be3 Nf6 9. Nbd2 0-0 10. h3 Re8 11. Bc2 exd4 12. cxd4 Nb4 13. Bb1 Bb5 14. Re1 Nd3 15. Bxd3 Bxd3 16. Bg5 h6 17. Qb3 Bb5 18. Bh4 Qc8 19. Rac1 Nh5 20. Nc4 Qd7 21. Qc2 g5 22. Bg3 Nxg3 23. fxg3 Bxc4 24. Qxc4 c6 25. Qd3 Re7 26. g4 Rae8 27. Re2 Qe6 28. b3 Qd7 29. Rce1 Qd8 30. h4 Qd7 31. hxg5 hxg5 32. Nxg5 Qxg4 33. Nf3 Bh6 34. e5 d5 35. Rf1 Re6 36. Nh2 Qg7 37. Rf5 Rg6 38. Nf3 Re7 39. Nh4 Rg4 40. Rh5 Bg5 41. Nf5 Qg6 42. Nxe7+ Bxe7 43. Qh3 Kg7 44. Rf2 Rg3 45. Rh7+ 1-0

[Event "Titled Tuesday intern op 29th Aug Late"]
[Site "Chess.com INT"]
[Date "2023.08.29"]
[Round "10"]
[White "Hjartarson, Johann"]
[Black "Vafin, Ayrat"]
[Result "1/2-1/2"]
[WhiteElo "2432"]
[BlackElo "2302"]
[PlyCount "83"]
[EventDate "2023.08.29"]
[EventType "swiss (blitz)"]
[EventRounds "11"]
[EventCountry "USA"]
[SourceTitle "EXT 2024"]
[Source "ChessBase"]
[SourceDate "2023.10.10"]
[SourceVersion "1"]
[SourceVersionDate "2023.10.10"]
[SourceQuality "1"]

1. e4 e5 2. Nf3 Nf6 3. Nxe5 d6 4. Nd3 Nxe4 5. Nf4 Nf6 6. d4 c6 7. Bd3 g6 8. 0-0 Be7 9. c4 0-0 10. Nc3 Re8 11. Re1 Bf8 12. Rxe8 Qxe8 13. Bd2 Na6 14. Qf3 Bg7 15. Re1 Qd8 16. h3 Nc7 17. g4 Ne6 18. Nxe6 Bxe6 19. Bg5 h6 20. Bh4 g5 21. Bg3 d5 22. c5 Nd7 23. Qe3 Qf6 24. Ne2 h5 25. f4 gxf4 26. Bxf4 hxg4 27. hxg4 Bxg4 28. Bg5 Qf3 29. Ng3 Bxd4 30. Qxd4 Qxg3+ 31. Kf1 Bh3+ 32. Ke2 Qxg5 33. Rg1 Bg2 34. Kf2 Qd2+ 35. Kg3 Re8 36. Rxg2 Qe3+ 37. Kh2+ Kf8 38. Qh8+ Ke7 39. Qh4+ Kf8 40. Qh8+ Ke7 41. Qh4+ Kf8 42. Qh8+ 1/2-1/2

[Event "Titled Tuesday intern op 29th Aug Late"]
[Site "Chess.com INT"]
[Date "2023.08.29"]
[Round "7"]
[White "Pichot, Alan"]
[Black "Hjartarson, Johann"]
[Result "1-0"]
[WhiteElo "2642"]
[BlackElo "2432"]
[PlyCount "81"]
[EventDate "2023.08.29"]
[EventType "swiss (blitz)"]
[EventRounds "11"]
[EventCountry "USA"]
[SourceTitle "EXT 2024"]
[Source "ChessBase"]
[SourceDate "2023.10.10"]
[SourceVersion "1"]
[SourceVersionDate "2023.10.10"]
[SourceQuality "1"]

1. e4 e5 2. Nf3 Nc6 3. Bc4 Bc5 4. c3 Nf6 5. d4 exd4 6. b4 Bb6 7. e5 Ne4 8. b5 d5 9. exd6 Na5 10. dxc7 Qxc7 11. Bd5 Nf6 12. Qe2+ Kd8 13. Bg5 Re8 14. Be4 Bf5 15. Nbd2 dxc3 16. 0-0 cxd2 17. Qxd2+ Qd7 18. Bxf5 Qxd2 19. Bxd2 g6 20. Bh3 Nd7 21. Rad1 f5 22. Bg5+ Kc7 23. Bf4+ Kc8 24. Ng5 Bc5 25. g4 h6 26. Nf7 g5 27. gxf5 Nf6 28. Bd6 b6 29. Bxc5 bxc5 30. Nd6+ Kc7 31. Nxe8+ Rxe8 32. Rfe1 Rxe1+ 33. Rxe1 c4 34. Re6 c3 35. Re1 Kd6 36. Bf1 Kd5 37. Bd3 Kd4 38. Bc2 Nc4 39. Re6 Nd5 40. f6 Ne5 41. Rxe5 1-0

[Event "Titled Tuesday intern op 29th Aug Late"]
[Site "Chess.com INT"]
[Date "2023.08.29"]
[Round "1"]
[White "Spichkin, Alexander"]
[Black "Hjartarson, Johann"]
[Result "0-1"]
[WhiteElo "2052"]
[BlackElo "2432"]
[PlyCount "88"]
[EventDate "2023.08.29"]
[EventType "swiss (blitz)"]
[EventRounds "11"]
[EventCountry "USA"]
[SourceTitle "EXT 2024"]
[Source "ChessBase"]
[SourceDate "2023.10.10"]
[SourceVersion "1"]
[SourceVersionDate "2023.10.10"]
[SourceQuality "1"]

1. f4 c5 2. Nf3 Nc6 3. e3 g6 4. d3 Bg7 5. Be2 d5 6. 0-0 Nf6 7. Kh1 0-0 8. a4 Qc7 9. Nc3 a6 10. e4 dxe4 11. dxe4 Rd8 12. Qe1 Nd4 13. Bd1 Be6 14. Qh4 Bc4 15. Re1 b5 16. axb5 axb5 17. Rxa8 Rxa8 18. b3 b4 19. bxc4 bxc3 20. e5 Nd7 21. Qxe7 Nf5 22. Qg5 Ra1 23. Be2 f6 24. exf6 Nxf6 25. Bd3 Qd7 26. Ne5 Qe6 27. Bxf5 Qxf5 28. Qg3 Ne4 29. Qf3 Bxe5 30. fxe5 Qxe5 31. g3 Nd2 32. Qd5+ Qxd5+ 33. cxd5 Nf3 34. Rd1 Nd4 35. Kg2 Kf7 36. d6 Ke6 37. h4 Kd7 38. g4 Nxc2 39. h5 Ne3+ 40. Bxe3 Rxd1 41. Bxc5 c2 42. hxg6 hxg6 43. Ba3 c1Q 44. Bxc1 Rxc1 0-1

[Event "Titled Tuesday intern op 22nd Aug Late"]
[Site "Chess.com INT"]
[Date "2023.08.22"]
[Round "11"]
[White "Buchenau, Frank"]
[Black "Hjartarson, Johann"]
[Result "1/2-1/2"]
[WhiteElo "2222"]
[BlackElo "2432"]
[PlyCount "74"]
[EventDate "2023.08.22"]
[EventType "swiss (blitz)"]
[EventRounds "11"]
[EventCountry "USA"]
[SourceTitle "EXT 2024"]
[Source "ChessBase"]
[SourceDate "2023.10.10"]
[SourceVersion "1"]
[SourceVersionDate "2023.10.10"]
[SourceQuality "1"]

1. e4 g6 2. d4 Bg7 3. Nc3 d6 4. Nf3 a6 5. Bc4 b5 6. Bd5 c6 7. Bb3 e6 8. 0-0 Ne7 9. e5 d5 10. a4 Bb7 11. Ne2 Nd7 12. c3 h6 13. h4 c5 14. Bc2 Qc7 15. Be3 Nf5 16. Bxf5 gxf5 17. axb5 axb5 18. Rxa8+ Bxa8 19. Nf4 Bf8 20. Nh5 Rg8 21. Qd2 Rg6 22. Ra1 Bc6 23. b3 Qb7 24. Qa2 b4 25. Nf4 Rg4 26. cxb4 c4 27. b5 Qxb5 28. bxc4 dxc4 29. Rb1 Qa4 30. Qxa4 Bxa4 31. Nd2 c3 32. Nc4 Bc6 33. Rc1 Bb4 34. Rb1 Be7 35. Rc1 Bb4 36. Rb1 Be7 37. Rc1 Bb4 1/2-1/2

[Event "ISL-ch"]
[Site "Hafnarfjordur"]
[Date "2023.05.21"]
[Round "7"]
[White "Hjartarson, Johann"]
[Black "Domalchuk Jonasson, Aleksandr"]
[Result "0-1"]
[WhiteElo "2466"]
[BlackElo "2338"]
[PlyCount "90"]
[EventDate "2023.05.15"]
[EventType "tourn"]
[EventRounds "11"]
[EventCountry "ISL"]
[EventCategory "6"]
[SourceTitle "CBM 214 Extra"]
[Source "ChessBase"]
[SourceDate "2023.07.31"]
[SourceVersion "1"]
[SourceVersionDate "2023.07.31"]
[SourceQuality "1"]

1. e4 c5 2. Nf3 d6 3. d4 cxd4 4. Nxd4 Nf6 5. Nc3 a6 6. Be3 e5 7. Nb3 Be7 8. h3 Be6 9. f4 exf4 10. Bxf4 Nc6 11. Qe2 Ne5 12. 0-0-0 Nfd7 13. Kb1 0-0 14. Qe3 Rc8 15. g4 b5 16. Nd4 Qc7 17. Rh2 Rfe8 18. Qg3 Bf8 19. g5 b4 20. Nd5 Bxd5 21. exd5 Nc5 22. h4 Qb7 23. Bg2 Nc4 24. Bc1 Ne4 25. Bxe4 Rxe4 26. Nc6 Rce8 27. Qd3 g6 28. Rf1 Bg7 29. Rhf2 Qb5 30. Qf3 Qxd5 31. Nxb4 Qb7 32. Qxf7+ Qxf7 33. Rxf7 Re1 34. Rxe1 Rxe1 35. Rf2 Bd4 36. Rg2 Bxb2 37. Nd3 Rh1 38. Rg4 Ne5 39. Nxe5 Bxc1 40. Nf3 Bxg5+ 41. Kb2 Bc1+ 42. Kb1 Ba3+ 43. Rg1 Rxg1+ 44. Nxg1 Kg7 45. Ne2 Kf6 0-1

[Event "Titled Tuesday intern op 7th Mar Late"]
[Site "Chess.com INT"]
[Date "2023.03.07"]
[Round "3"]
[White "Hjartarson, Johann"]
[Black "Mazurkiewicz, Michal"]
[Result "0-1"]
[WhiteElo "2478"]
[BlackElo "2145"]
[PlyCount "118"]
[EventDate "2023.03.07"]
[EventType "swiss (blitz)"]
[EventRounds "11"]
[EventCountry "USA"]
[SourceTitle "EXT 2024"]
[Source "ChessBase"]
[SourceDate "2023.10.10"]
[SourceVersion "1"]
[SourceVersionDate "2023.10.10"]
[SourceQuality "1"]

1. c4 Nf6 2. Nf3 g6 3. Nc3 Bg7 4. e4 d6 5. d4 0-0 6. Be2 c5 7. d5 e6 8. 0-0 exd5 9. cxd5 Re8 10. Nd2 Na6 11. f3 Nc7 12. a4 b6 13. Nc4 Rb8 14. Bf4 Bf8 15. Qd2 a6 16. e5 dxe5 17. Nxe5 Bb7 18. Bc4 Bd6 19. Rfe1 Nh5 20. Bg5 f6 21. Nc6 Bxc6 22. dxc6+ Kg7 23. Bh6+ Kh8 24. Rxe8+ Nxe8 25. Rd1 Qc7 26. g3 Qxc6 27. Qe2 Be5 28. Bxa6 Nc7 29. Bc4 Re8 30. Qd3 Bd4+ 31. Kg2 Ne6 32. Bb5 Qc8 33. Bxe8 Qxe8 34. Qe4 f5 35. Qd3 Qf7 36. Ne2 g5 37. Nxd4 Nef4+ 38. gxf4 Nxf4+ 39. Kg1 Nxd3 40. Rxd3 cxd4 41. Rxd4 Qf6 42. Rd5 Qxh6 43. Rxf5 Kg7 44. Rb5 Qc6 45. Kg2 Kg6 46. Kg3 h5 47. h4 Qd6+ 48. Kh3 Qe6+ 49. Kg3 Qd6+ 50. Kh3 Qd7+ 51. Kg3 Qc7+ 52. Kh3 gxh4 53. Kxh4 Qf4+ 54. Kh3 Qxf3+ 55. Kh2 Qf2+ 56. Kh3 h4 57. Rb3 Qf5+ 58. Kxh4 Qf6+ 59. Kg3 Qe5+ 0-1

[Event "Titled Tuesday intern op 7th Mar Late"]
[Site "Chess.com INT"]
[Date "2023.03.07"]
[Round "6"]
[White "Hjartarson, Johann"]
[Black "Miszler, Levente"]
[Result "1-0"]
[WhiteElo "2478"]
[BlackElo "2260"]
[PlyCount "53"]
[EventDate "2023.03.07"]
[EventType "swiss (blitz)"]
[EventRounds "11"]
[EventCountry "USA"]
[SourceTitle "EXT 2024"]
[Source "ChessBase"]
[SourceDate "2023.10.10"]
[SourceVersion "1"]
[SourceVersionDate "2023.10.10"]
[SourceQuality "1"]

1. d4 Nf6 2. c4 e6 3. Nf3 b6 4. g3 Bb7 5. Bg2 Be7 6. 0-0 0-0 7. Re1 Ne4 8. d5 exd5 9. cxd5 Bc5 10. e3 c6 11. Nc3 cxd5 12. Nxd5 Nc6 13. a3 Ng5 14. b4 Nxf3+ 15. Qxf3 Bd6 16. Bb2 Ne5 17. Qe4 f5 18. Qd4 Rc8 19. Rac1 Bc6 20. f4 Re8 21. fxe5 Bxe5 22. Qd2 Bxb2 23. Qxb2 Qg5 24. Qd4 Re6 25. b5 Bb7 26. Rxc8+ Bxc8 27. Rc1 1-0

[Event "Titled Tuesday intern op 7th Mar Late"]
[Site "Chess.com INT"]
[Date "2023.03.07"]
[Round "9"]
[White "Hjartarson, Johann"]
[Black "Passen, Brett"]
[Result "1-0"]
[WhiteElo "2478"]
[BlackElo "1921"]
[PlyCount "43"]
[EventDate "2023.03.07"]
[EventType "swiss (blitz)"]
[EventRounds "11"]
[EventCountry "USA"]
[SourceTitle "EXT 2024"]
[Source "ChessBase"]
[SourceDate "2023.10.10"]
[SourceVersion "1"]
[SourceVersionDate "2023.10.10"]
[SourceQuality "1"]

1. d4 Nf6 2. c4 e6 3. Nf3 d5 4. Nc3 Bb4 5. Qa4+ Nc6 6. e3 Bd7 7. Qc2 0-0 8. Bd2 Bd6 9. a3 dxc4 10. Bxc4 e5 11. d5 Ne7 12. 0-0 c6 13. dxc6 Bxc6 14. e4 Ng6 15. Rad1 Qc7 16. Bg5 Nd7 17. Ba2 Kh8 18. Nd5 Qa5 19. Bd2 Qc5 20. Qb1 Rad8 21. Bb4 Bxd5 22. Rxd5 1-0

[Event "Titled Tuesday intern op 24th Jan Late"]
[Site "Chess.com INT"]
[Date "2023.01.24"]
[Round "5"]
[White "Hjartarson, Johann"]
[Black "Hansen, Eric"]
[Result "1-0"]
[WhiteElo "2476"]
[BlackElo "2609"]
[PlyCount "79"]
[EventDate "2023.01.24"]
[EventType "swiss (blitz)"]
[EventRounds "11"]
[EventCountry "USA"]
[SourceTitle "EXT 2024"]
[Source "ChessBase"]
[SourceDate "2023.10.10"]
[SourceVersion "1"]
[SourceVersionDate "2023.10.10"]
[SourceQuality "1"]

1. e4 c5 2. Nf3 e6 3. d4 cxd4 4. Nxd4 a6 5. Bd3 Qb6 6. Nb3 Qc7 7. 0-0 d6 8. a4 b6 9. Na3 Nd7 10. Be3 Ngf6 11. Qe2 Bb7 12. f3 d5 13. exd5 Nxd5 14. Bd2 Nf4 15. Bxf4 Qxf4 16. Nc4 Be7 17. c3 0-0 18. Nd4 Bc5 19. Kh1 Rfd8 20. Rad1 Nf6 21. Nb3 Bd5 22. Nxc5 bxc5 23. Nb6 Rab8 24. a5 h5 25. Bxa6 h4 26. Bc4 h3 27. g3 Qc7 28. Kg1 Rd6 29. Rfe1 Rbd8 30. Qf1 Qa7 31. Bxd5 exd5 32. b4 cxb4 33. cxb4 d4 34. Qxh3 d3 35. Kh1 d2 36. Re2 Qc7 37. Qf1 Qc3 38. Qf2 Qxb4 39. Kg1 Rd3 40. a6 1-0